| 000 | 00925cab a2200277 4500 | ||
|---|---|---|---|
| 001 | WB2925-37 | ||
| 008 | 090401t1993 xxu||||| |||| 00| 0 eng d | ||
| 035 | _a(Sirsi) u62951 | ||
| 041 | _aeng | ||
| 245 | _aLapse of planning permission? | ||
| 260 | _c1993 | ||
| 350 | _a0 | ||
| 490 |
_aEstates Gazette _v(9325) 26 June 1993, 138(1) |
||
| 520 | _aDiscusses the validity of unimplemented planning permission, referring to "Pilkington v SoS for the Environment" (1974) and especially "McDonald`s Restaurants Ltd v Camden LBC" (1992) (See WB2842-46). | ||
| 650 | _aCHANGE OF USE | ||
| 650 | _aDURHAM CC V SOS FOR THE ENVIRONMENT | ||
| 650 | _aEXISTING USE RIGHTS | ||
| 650 | _aEXTENSION | ||
| 650 | _aPLANNING PERMISSION | ||
| 650 | _aRESTAURANTS | ||
| 650 | _aTOWN AND COUNTRY PLANNING ACT 1990 S75(1) | ||
| 650 | _aUSE CLASSES | ||
| 690 | _aPLANNING LAW AND PRACTICE | ||
| 942 | _n0 | ||
| 948 | _c04/03/1997 | ||
| 999 |
_c39117 _d39117 |
||